Quiz o Geografii - Poziom 0 - Statystyki

Ogólne statystyki
  • Ten quiz został rozwiązany 69 razy
  • Średni wynik to 14 z 15
Statystyki odpowiedzi
Pytanie Odpowiedź % Poprawnych
Stolica Polski Warszawa
100%
Stolica Niemiec Berlin
98%
Największe państwo na świecie Rosja
98%
Planeta na której znajduje się polska Ziemia
98%
Na jakim kontynencie leży Afryka? Afryka
97%
Morze to otacza Polskę Bałtyk
97%
Do tego państwa należy Barcelona Hiszpania
97%
Stolica Francji Paryż
97%
Stolicą tego państwa jest Waszyngton Stany Zjednoczone
97%
Kraj ten słynie z kebabów Turcja
95%
Najdłuższa rzeka w Afryce Nil
93%
Najdłuższa rzeka w Ameryce południowej Amazonka
92%
Centrum układu słonecznego Słońce
92%
Państwo z największą populacją Indie
90%
Do tego niepodległego państwa należy prowincja pod nazwą Śląsk Polska
72%
Nie znaleziono quizów pasujących do podanych kryteriów
Rozkład punktacji
Procent ludzi z każdym wynikiem
Percentyl według liczby udzielonych odpowiedzi
Twoja historia wyników
Nie rozwiązałeś tego quizu